| LEADER | 00911nam a22002417a 4500 | ||
|---|---|---|---|
| 001 | AAL7785 | ||
| 003 | BD-DhAAL | ||
| 005 | 20160409124534.0 | ||
| 008 | 160409s 2003enk||||| |||| 00| 0 eng d | ||
| 040 | |a BD-DhAAL |c BD-DhAAL | ||
| 082 | |a 813/.52 | ||
| 100 | |a Forbes, Colin |9 19050 | ||
| 245 | |a By stealth / |c Colin Forbes | ||
| 260 | |a London : |b Pan, |c 2003 | ||
| 300 | |a xiii, 798 p. ; |c 18 cm. | ||
| 541 | |e 7785 | ||
| 650 | |a Assassins |v Fiction |z Europe |9 19051 | ||
| 650 | |a Ships |v Fiction. |9 19052 | ||
| 852 | |a Savar Campus Library |c General Shelf | ||
| 942 | |2 ddc |c BK | ||
| 999 | |c 37408 |d 37408 | ||
| 952 | |0 0 |1 0 |2 ddc |4 0 |6 813_000000000000000__52_FOR |7 0 |9 58743 |a SCL |b SCL |c GEN |d 2016-04-09 |e Gift: |l 0 |o 813.52 FOR |p 3020007785 |r 2016-04-09 |t 1 |w 2016-04-09 |y BK | ||
| 952 | |0 0 |1 0 |2 ddc |4 0 |6 813_000000000000000__52_FOR |7 0 |9 59281 |a SCL |b SCL |c GEN |d 2016-07-17 |l 1 |m 7 |o 813.52 FOR |p 3020007701 |r 2017-03-08 |s 2017-01-13 |t 2 |w 2016-07-17 |y BK | ||